[Event "Bundesliga 0708"]
[Site "Germany"]
[Date "2008.02.10"]
[Round "9.2"]
[White "Ftacnik, Lubomir"]
[Black "Avrukh, Boris"]
[Result "0-1"]
[WhiteElo "2542"]
[BlackElo "2641"]
[Annotator "Avrukh,B"]
[PlyCount "104"]
[EventDate "2007.10.20"]
[EventType "team-tourn"]
[EventRounds "15"]
[EventCountry "GER"]
[SourceTitle "CBM 123"]
[Source "ChessBase"]
[SourceDate "2008.04.02"]
[SourceVersion "1"]
[SourceVersionDate "2008.04.02"]
[SourceQuality "1"]
[WhiteTeam "Hamburger SK"]
[BlackTeam "Remagen"]
[WhiteTeamCountry "GER"]
[BlackTeamCountry "GER"]

1. Nf3 c5 2. c4 Nc6 3. d4 cxd4 4. Nxd4 Nf6 5. Nc3 e6 6. a3 ({Another line is} 
6. g3) 6... Be7 ({In the previous game I opted for} 6... Bc5 {Bacrot-Avrukh
23rd ECC men}) 7. e4 O-O 8. Be2 $6 {This move is a well-known opening
inaccuracy, which allows Black to equalise comfortably.} ({In order to fight
for an opening advantage White has to prevent the d7-d5 advance by means of} 8.
Nf3 {with complicated play.}) 8... d5 $1 9. exd5 exd5 10. O-O ({The
alternative is} 10. Nxc6 bxc6 11. Be3 Be6 12. cxd5 Nxd5 13. Nxd5 Bxd5 14. O-O
Bf6 15. Qc2 Rb8 16. Rab1 Ba2 17. Rbd1 Rxb2 18. Qxc6 $11 {1/2-1/2 Christiansen,
L-Kudrin,S/ICC INT 2007/The Week in Chess 678 (31)}) 10... Nxd4 11. Qxd4 Be6 $1
12. cxd5 (12. c5 $6 {is too risky for White:} Nd7 $1 13. Nxd5 (13. b4 Bf6 14.
Qd3 b6 15. cxb6 axb6 $15) 13... Bxc5 14. Qd1 Ne5 15. Be3 Bxe3 16. Nxe3 Qb6 $15
{1/2-1/2 Zhumabayev,R-Andreev,E/Nizhnij Tagil RUS 2007/The Week in Chess 643 
(54)}) (12. Rd1 dxc4 13. Bxc4 Qxd4 14. Rxd4 Bxc4 (14... Bc5 $142 15. Rh4 Rac8
16. Bxe6 fxe6 17. Be3 Bxe3 18. fxe3 Rfd8 19. Rd4 $11) 15. Rxc4 Rac8 16. Rxc8
Rxc8 17. Be3 a6 $11 {1/2-1/2 Timman,J-Dominguez,L/Barcelona ESP 2006/CT-2174 
(18)}) 12... Nxd5 13. Nxd5 Qxd5 14. Be3 (14. Qxd5 Bxd5 15. Be3 Bf6 16. Rad1 Bc6
17. b3 a6 $11 {1/2-1/2 Ghaem Maghami,E-Nielsen,P/Turin 2006/CBM 113 (108). and
later on Black even managed to get a winning position.}) 14... Rfd8 (14... Qb3
15. Bd1 (15. Bf3 $143 Rfd8 16. Qe4 Rd7 17. Rad1 Rad8 18. Rxd7 Rxd7 $15) 15...
Qb5 16. Bf3 Rfd8 17. a4 Qb3 18. Qc3 Qxc3 (18... Rd3 19. Qxb3 Rxb3 20. Rac1 Rxb2
21. Rb1 $11) 19. bxc3 Bd5 20. Bxd5 Rxd5 21. Rfd1 $11) 15. Qxd5 Bxd5 16. Rfd1 (
16. Rad1 Bf6 17. Bd4 Bb3 18. Bxf6 Bxd1 19. Bxd8 Bxe2 20. Re1 Rxd8 $19) 16...
Bf6 17. Bd4 $6 {A slight inaccuracy, which allows Black to get some initiative.
} (17. Rd2 $142 Be6 {1/2-1/2 Nogueiras,J-Dominguez,L/Santa Clara 2006/CBM 111
ext} (17... Bb3 18. Rxd8+ Rxd8 19. Bxa7 Rd2 20. Bf3 $11)) 17... Bb3 18. Bxf6
gxf6 19. Re1 ({Another reasonable alternative would have been} 19. Rdc1 Rd2 20.
Bf3 Rb8 21. Rc7 Rxb2 22. Rxb7 ({or} 22. Bxb7 Bc2 23. Rc8+ Rxc8 24. Bxc8 f5)
22... Rxb7 23. Bxb7 f5 {[%cal Gg8g7,Gg7f6] in both lines Black keeps some
initiative, but certainly it should be draw.}) ({Of course it would be a
serious mistake to capture on d8:} 19. Rxd8+ $2 Rxd8 {[%csl Rb2][%cal Gd8d2]}
20. Bf3 b6 21. Kf1 Rd2 22. Rb1 Ba2 $1 23. Ke1 Rc2 $17) 19... Rac8 (19... Rd2
$143 20. Bf3 $11) 20. Bf3 b6 21. Re3 (21. Re7 a5 22. Rb7 Rd6 23. Be4 {><c2} Rc5
$1 $15 {/\ Be6, Rb5}) 21... Be6 22. b4 Rd2 $15 {Obviously Black has a slight
edge here, due to his active rooks, but still it's not much and White should
achieve a draw quite easily.} 23. h3 f5 24. Rae1 Kg7 {Improving the position
of the black K.} 25. R3e2 Rd4 {To keep both rooks is Black's best chance.} ({
White's task would be much easier after} 25... Rxe2 26. Rxe2 Rc1+ 27. Kh2 Ra1
28. Re3 f4 (28... Kf6 29. Kg3 $1 $11 {[%cal Gg3f4]}) 29. Re4 Rxa3 30. Rxf4 a5
31. bxa5 bxa5 32. Bc6 $11) 26. Kh2 Kf6 27. g3 a5 {The only reasonable active
plan} (27... f4 28. gxf4 Rxf4 29. Re3 Rc2 30. Kg3 $11) 28. bxa5 bxa5 29. Re5 {
A strange move, which appears to be just a waste of tempo, anyway I was
planning to play a5-a4.} ({The easiest way to make a draw would have been} 29.
Re3 a4 (29... Rd2 30. R1e2 Rxe2 31. Bxe2 Rc2 32. Kg2 $1 (32. g4 f4 33. Re4 Ra2
34. a4 Rb2 $15 {[%cal Gb2b4]}) 32... a4 33. Bd1 Bd5+ 34. Kf1 $11) 30. Rd1 Rcd8
31. Rxd4 Rxd4 32. Bc6 Bb3 33. Kg2 {and this is just an easy draw.}) 29... a4
30. R5e3 ({Good enough} 30. Kg2 Rc3 (30... Bb3 31. Ra5 Rc3 32. Ree5 Be6 33. Re3
$11) 31. R5e3 Rb3 32. Bc6 $11) 30... Bb3 $1 {[%csl Ga3] The point of my plan,
now I can attack the a3-pawn from behind.} 31. Kg2 {Once again my opponent
misses the right idea} (31. g4 $1 {creating counterplay and getting some space
for White's K.} Rc2 (31... f4 32. Re4 {[%csl Gf4]}) 32. R1e2 Rxe2 33. Bxe2 Rd2
(33... fxg4 34. hxg4 Rd2 35. Kg3 Ra2 36. Bb5 $11) 34. gxf5 Ra2 35. Kg3 Rxa3 36.
Bc4 $1 $11) 31... Rd2 32. R1e2 ({Now} 32. g4 Ra2 {already dangerous for White.}
) 32... Rxe2 33. Rxe2 ({Another option is} 33. Bxe2 Rc1 {and now the best is}
34. Bf3 $1 (34. g4 $6 f4 $1 (34... fxg4 35. hxg4 Ra1 36. Kg3 Rxa3 37. Bc4 $11)
35. Re8 Rc3 $1 $17 {[%csl Ga3]}) (34. Bb5 Bd5+ 35. f3 Bb3 36. g4 $140 Ra1 37.
Kg3 Rxa3 38. Bxa4 $2 f4+ $1 $19) 34... Ra1 35. Kh2 $11 {-34 Re3}) 33... Rc1 {
[%cal Gc1a1,Ga1a3] Black has squeezed the maximum from his position, White's
a3-pawn is lost, but still the position remains drawish.} 34. Rd2 $2 {A
serious mistake, my opponet missed a nice defensive idea.} (34. Re3 $1 Ra1 35.
Kh2 $1 Ra2 (35... Rxa3 36. Bd5 $11) 36. Be2 $1 Rxa3 37. Bc4 Ra2 38. Bxb3 axb3
39. Rxb3 Rxf2+ 40. Kg1 {with an easy draw.}) 34... Ke5 $1 {[%csl Gd5] We both
were short of time, so it was difficult to calculate, but the text is very
strong, Black takes control over the d5-square, preventing the trade of the
light-squared B.} ({It appears that White escapes after} 34... Ra1 35. Rd3 $1 (
35. Bd5 Rxa3 36. Rd3 Bxd5+ 37. Rxd5 Rb3 $19) (35. Rd6+ Ke5 36. Ra6 Rxa3 $19)
35... Rxa3 36. Bd1 Ke5 37. Kh2 Bxd1 (37... Ke4 38. Bc2 Ra2 39. Rxb3+ (39. Bb1
$5) 39... Rxc2 40. Rb4+ $11) (37... f4 38. gxf4+ Kxf4 39. Kg2 {and I don't see
how Black can get out of the pin.}) 38. Rxa3 Bb3 39. Ra1 Kd4 40. Rc1 a3 41. Kg2
a2 42. Kf3 Bc2 43. Ra1 Bb1 44. Kf4 Kc3 45. Kg5 f4 ({or} 45... Kb2 46. Rxa2+
Bxa2 47. f4 $1 Kc3 48. Kh6 Kd3 49. Kxh7 $11) 46. Kxf4 Kb2 47. Rxa2+ Bxa2 48.
Kg5 Kc3 49. Kh6 Kd3 50. Kxh7 Ke2 51. Kg7 Kf3 52. Kf6 Kxf2 53. g4 $11) 35. Bb7 (
{After} 35. Re2+ Kd4 36. Re7 Ra1 37. Bh5 Bd5+ 38. Bf3 Bc4 $1 (38... Bxf3+ 39.
Kxf3 Rxa3+ 40. Kf4 Rb3 41. Rxf7 a3 42. Rxh7 $11) 39. Bh5 Bf1+ 40. Kf3 Rxa3+ 41.
Kf4 Bxh3 42. Bxf7 Bg2 {Black has good chances for a win.}) 35... Ra1 36. f4+
Kf6 37. Bd5 $4 {This is really a funny moment in this game, we both missed a
simple tactical blow.} Rxa3 $4 (37... Ra2 $1 $19 {[%cal Cd2a2,Ga2d2,Gd2g2,
Gb3d5]} 38. Rxa2 Bxd5+ {[%cal Gd5a2]}) 38. g4 $4 ({The correct} 38. Bxb3 {
would have led to a drawish rook endgame} Rxb3 (38... axb3 39. Rd6+ Ke7 40. Rb6
Kd7 41. Kf2 Kc7 42. Rb4 Kc6 43. Ke1 Kc5 44. Rb7 Kc4 45. Kd2 $11) 39. Rd6+ Ke7
40. Ra6 a3 41. g4 fxg4 42. hxg4 Kd7 43. Kf2 Kc7 44. Ke2 Kb7 45. Ra4 Kb6 46. Kd2
Rg3 47. g5 a2 48. Kc2 Rg2+ 49. Kc3 $11) 38... fxg4 (38... Ra2 $1 $19) 39. hxg4
Ke7 $4 ({I could have decided the game with} 39... Ra2 $1 $19 {for the third
time !}) 40. Rd4 {Now the endgame seems to me drawish.} Ra2+ (40... Ra1 41. Kf3
) (40... Bc2 41. Be4 $1) 41. Kg3 ({The cleanest way for a draw would have been
} 41. Kf3 Rc2 42. Ke4 (42. Bxb3 axb3 43. Rb4 b2 44. Rb6) 42... Bxd5+ 43. Rxd5
a3 44. Ra5 a2 45. Ra6 Kd7 46. Kf5 Kc7 47. Ra3 Kb6 48. Kf6 Kb5 49. Kxf7 Kb4 50.
Ra8 Kb3 51. f5 Rc4 52. Rxa2 Kxa2 53. Kg7 Rxg4+ 54. Kxh7 $11) 41... Rc2 42. g5 (
42. Kf3 $5 Bxd5+ 43. Rxd5 a3 44. Ra5 a2 45. Ra6 Kd7 46. Ke4 Kc7 47. Kd3 (47.
Kf5 Kb7 48. Ra3 Re2 49. Kg5 $5) 47... Rg2 48. Kc3 Kb7 49. Ra4 Kb6 50. g5 Kb5
51. Ra8 $11) 42... Bxd5 43. Rxd5 a3 44. Ra5 a2 45. Kg4 Kd6 46. Kh5 $4 {An
incredible mistake for such an experienced player as Ftacnik. White could have
still reached a draw after} (46. Kf3 Kc6 47. Ke3 Kb6 48. Ra8 Rh2 49. Kd3 Kc5
50. Kc3 $1 {and I am not sure 100% , but it seems to me it's drawish. Even if
Black could win both White's pawns for his a-pawn, it's still a theoretical
draw.} Kd5 51. Ra4 Rf2 52. Kb3 (52. Kd3 Rf3+ 53. Ke2 Rh3 $1 $19) 52... f6 53.
Ra6 fxg5 54. fxg5 Ke4 55. Ra4+ Kf5 56. Ra5+ Kg6 57. Kc3 Rg2 58. Kd4 $11) 46...
Rh2+ 47. Kg4 Kc6 $19 {Now it's easily winning for Black.} 48. Kf5 Kb6 49. Ra3
Rf2 50. Kf6 Rxf4+ 51. Kg7 Rf2 52. Kxh7 Rg2 $1 {Now White is hopeless against
the march of Black's king to the b2 square.} ({Of course not} 52... Kb5 $4 53.
Kg7 Kb4 54. Rxa2 Rxa2 55. Kxf7 $11) 0-1

[Event "Biel MTO op sf "]
[Site "Biel"]
[Date "2000.08.03"]
[Round "10"]
[White "Shariyazdanov, Andrey"]
[Black "Avrukh, Boris"]
[Result "1/2-1/2"]
[WhiteElo "2582"]
[BlackElo "2625"]
[Annotator "Avrukh,B"]
[PlyCount "110"]
[EventDate "2000.07.24"]
[EventType "match"]
[EventRounds "1"]
[EventCountry "SUI"]
[SourceTitle "CBM 077 Extra"]
[Source "ChessBase"]
[SourceDate "2000.09.14"]
[SourceVersion "1"]
[SourceVersionDate "2000.09.14"]
[SourceQuality "1"]

1. Nf3 c5 2. c4 Nc6 3. Nc3 Nf6 4. d4 cxd4 5. Nxd4 e6 6. Ndb5 d5 7. Bf4 e5 8.
cxd5 exf4 9. dxc6 bxc6 10. Qxd8+ Kxd8 11. Nd4 (11. Rd1+ {another line here})
11... Bd7 ({In my opinion the best way for equality} 11... Bb7 $1 12. Rd1 Kc7
13. g3 Rd8 14. Bg2 Rxd4 15. Rxd4 c5 16. Rd5 Nxd5 17. Bxd5 fxg3 18. hxg3 Bxd5
19. Nxd5+ Kc6 20. e4 f5 21. Nc3 fxe4 22. Nxe4 g6 23. Ke2 Bg7 24. b3 Bd4 $11 {
1/2-1/2 Reinderman,D-Oral,T/Batumi GEO 1999 (29)}) 12. g3 Bd6 {After this move
black failed to equalize and white gets a slight edge.The problem,that d6
isn't so good place for black bishop,the better way was showed by Krasenkow in
the next game} (12... fxg3 $142 13. hxg3 Bb4 14. Bg2 Bxc3+ 15. bxc3 Kc7 16. Nb3
Rhe8 17. Rh4 Bg4 $1 18. f3 Bc8 19. Kf2 a5 20. Ra4 Nd5 21. e4 Nb6 22. Rxa5 Be6
23. Rxa8 Rxa8 24. Nd4 Rxa2+ 25. Rxa2 Bxa2 26. Ke3 Nc4+ {1/2-1/2 Lerner,
K-Krasenkow,M/Porz GER 1998 (26)}) 13. Bg2 Rc8 14. O-O (14. O-O-O $5 Ke7 15. e4
Rhe8 (15... fxe3 16. Rhe1 Rhd8 17. Rxe3+ Kf8 18. Red3 $14 {[%csl Gd6,Gd7]}) 16.
Rhe1 Kf8 17. Nf5 (17. Nde2 $143 Bc5 18. Nxf4 Bxf2 19. Re2 Bb6 20. e5 Nd5 21.
Bxd5 cxd5 22. Rxd5 Bg4 23. Re1 g5 24. Nd3 Be6 $15 {[%cal Ge6a2]}) 17... Bc5 18.
Nd6 Bxf2 $14 {1/2-1/2 Tolstikh,N-Delchev,A/Pardubice 1997/CBM 59 ext (57)})
14... Ke7 (14... fxg3 15. hxg3 h5 16. Rad1 Kc7 $2 (16... Ke7 17. e4 {[%cal
Ge4e5]}) 17. Bxc6 $1 Bxc6 18. Ndb5+ $16 {1-0 Ligterink,G-Hulak,K/Plovdiv 1983/
EU-chT (46)}) 15. Rad1 Rc7 (15... h5 $143 16. Nf3 (16. Rfe1 $5 {[%cal Ge2e4]})
16... Rhd8 17. Rd2 Bc7 18. Rc1 Ng4 19. Na4 Be8 20. Rdc2 $14 {1/2-1/2 Andersson,
U-Timman,J/Tilburg 1983/MCD (43)}) 16. Rfe1 fxg3 17. hxg3 Rb8 18. Rd2 (18. e4
Be5 19. Re2 (19. b3 g5) 19... g5 {[%csl Gf4]} 20. Nf5+ Kf8 $14) 18... Be5 19.
e3 Bxd4 (19... c5 20. Nde2 (20. f4 Bd6 21. Nf3 {[%cal Ge3e4]} c4 $1 22. e4 Bc5+
23. Kh1 (23. Kf1 Nh5 24. Red1 Nxg3+ 25. Ke1 Bc6 26. Ne5 Ba8 $13) 23... Rcb7 24.
Ree2 $14) 20... Be6 21. f4 Bxc3 22. Nxc3 Rd7 23. Rxd7+ Nxd7 24. Re2 (24. b3 c4
$132) 24... c4 {[%cal Gd7c5]} 25. e4 $14) 20. exd4+ Kd6 21. Re5 $1 $14 {
[%csl Ya7,Yc6][%cal Ge5a5,Ge5c5]} Be6 22. Rc5 Rb4 (22... Bd5 23. Rc2 (23. Bxd5
Nxd5 24. Ne4+ Kd7 25. Ra5 (25. b3 Re8) 25... Re8 26. Nc5+ Kd6 27. Kg2 Re1 $132)
23... Bxg2 24. Kxg2 Rb4 25. Kf3 $14 (25. a3 $6 Rb3 $11)) 23. Bf3 Bd5 (23...
Rxd4 $2 24. Rxc6+ Rxc6 25. Rxd4+ Ke5 26. Ra4 Rb6 27. Ra5+ Kd4 28. Ne2+ Kd3 29.
Nf4+ Kd2 30. Rxa7 $18) (23... h6 $5) 24. Bxd5 Nxd5 25. Ne4+ Ke7 26. b3 h6 {
[%cal Gf7f5]} (26... f5 $2 27. Ng5 h6 28. Nf3 {[%csl Ge5]}) 27. Rd3 Rb8 (27...
f5 $2 28. Nd2 {[%cal Gd2f3,Gf3e5]}) 28. a3 Re8 29. Kf1 Kd8 (29... Kd7 30. Nd2)
30. Nd6 Re6 31. Nc4 f6 {[%csl Ge5]} 32. Na5 Rd6 33. Rd1 Ne7 34. b4 Rcd7 35. Nb3
Rd5 36. Rcc1 R7d6 (36... Nf5 37. Rc4 {[%csl Gc6]}) 37. Nc5 Kc7 $4 $138 {
Untill this moment i defended quite well my position,but in timetrouble i
simply blundered white move,which for my lack wasn't played by my opponent.} (
37... Ke8 $142 {[%csl Gd4]} 38. Rc4 Kf7 (38... Nf5 39. Ne4 Rd7 40. Rxc6 Nxd4
41. Ra6 Re7 42. Nc5 $16) 39. Nb7 Rd7 40. Na5 R7d6 41. Rdc1 $140 Rxd4 42. Rxd4
Rxd4 43. Nxc6 Nxc6 44. Rxc6 Re4 $1 $11) 38. b5 $2 (38. Re1 $1 Nf5 (38... Nc8
39. Ne6+ Kd7 40. Nxg7 Ne7 41. Rc5 Rxd4 42. Ra5 $18 {[%csl Ga7]}) 39. g4 Nxd4
40. Re7+ $16 Kb8 41. Rxg7 $18) 38... cxb5 39. Ne4+ Rc6 40. Nc3 Rh5 $1 41. d5
Nxd5 $1 {My opponent simply missed this smal combination,then he played 38b5.
Unfortunately white still reaches the draw,after forced line.} 42. Nxb5+ (42.
Nxd5+ Rxd5 $19) (42. Rxd5 Rh1+ {[%csl Gc1]}) 42... Kb6 43. Rxc6+ Kxc6 44. Nxa7+
Kb6 (44... Kb7 45. Nb5 Kb6 46. a4 Rh1+ 47. Ke2 Rxd1 48. Kxd1 Ka5 49. Nd6 Kxa4
50. Nf5 $11 {[%csl Gg7,Gh6]}) 45. Nc8+ Kb7 46. Nd6+ Kc6 47. Ne4 f5 48. Rc1+ Kb6
49. Rb1+ Ka5 50. Nd2 Rh1+ 51. Kg2 Rxb1 52. Nxb1 Ka4 53. Kh3 Kb3 54. Nd2+ Kxa3
55. g4 fxg4+ 1/2-1/2

[Event "ISR-ch"]
[Site "Tel Aviv"]
[Date "2002.12.01"]
[Round "7"]
[White "Avrukh, Boris"]
[Black "Sutovsky, Emil"]
[Result "1-0"]
[WhiteElo "2595"]
[BlackElo "2657"]
[Annotator "Avrukh,B"]
[PlyCount "83"]
[EventDate "2002.11.24"]
[EventType "swiss"]
[EventRounds "9"]
[EventCountry "ISR"]
[SourceTitle "CBM 093"]
[Source "ChessBase"]
[SourceDate "2003.04.01"]
[SourceVersion "1"]
[SourceVersionDate "2003.04.01"]
[SourceQuality "1"]

1. Nf3 Nf6 2. c4 c5 3. d4 cxd4 4. Nxd4 Nc6 5. Nc3 e6 6. a3 Nxd4 7. Qxd4 b6 8.
Qf4 $5 {Very interesting idea,that first was introduced by Victor Kortschnoi
in his candidats match against Sax in 1991. The main idea is to play Qg3 
(after developing of black bishop) and Bh6 ,on the same time black cannot play
8...d5 because of Nb5!.} (8. e4 Bc5 {is very unclear line}) 8... d6 $146 (8...
Be7 9. e4 d6 (9... O-O 10. e5 Ne8 11. Bd3) 10. Qg3 O-O 11. Bh6 Ne8 12. Bd2 Nf6
13. Bh6 (13. Bd3) 13... Ne8 14. Bd2 {1/2-1/2 Nogueiras,J-Hansen,C/Istanbul
2000/EXT 2001 (14)}) (8... Bb7 9. e4 d6 10. Bd3 (10. Be2 Be7 11. O-O O-O 12.
Rd1 a6 (12... Qb8 13. b3 Rd8 14. Bb2 Bc6 15. Qg3 $14 {1-0 Gorbatow,A-Lengyel,L/
Budapest 1997/CBM 61 ext (30)}) 13. e5 (13. b3 $142 {[%cal Gc1b2]}) 13... dxe5
14. Qxe5 Qc8 15. Be3 Bc6 16. Qg3 Qb7 $13 {0-1 Chuchelov,V-Georgiev,K/Mainz GER
2002/The Week in Chess 406 (46)}) 10... Nd7 $5 {[%cal Gd7e5,Gd7c5]} (10... Be7
11. Qg3 (11. Be3 O-O 12. O-O Nd7 13. Qg3 Ne5 14. Be2 Rc8 15. b3 Bf6 $10) 11...
O-O 12. Bh6 Ne8 13. Bd2 Rc8 14. O-O Bf6 15. Rac1 g6 16. b3 $14 {1-0 Kortschnoj,
V-Sax,G/Wijk aan Zee 1991/Candidates/[Kortschnoj] (45)}) 11. Qg3 a6 12. O-O g6
(12... Rc8 13. f4 $14) 13. Bf4 {[%cal Gg3d6]} (13. Rd1) 13... Qc7 $13 {0-1
Lautier,J-Topalov,V/Cannes 2002/CBM 88/[Ribli] (41)}) 9. e4 Nd7 (9... Bb7 10.
Bd3 Be7 11. Qg3 O-O 12. Bh6 Ne8 13. O-O $14) 10. Qg3 Ba6 $2 {Doubtful idea,
black starts to attack c4-pawn,but on the same time, having serious problems
with developing of his kingside.} (10... a6 $142 {playing ,like Topalov in his
game against Lautier} 11. b4 $140 Bb7 12. Bb2 Rc8 {[%csl Gc4]} 13. Rd1 Ne5 $132
) 11. Bg5 $1 (11. Be2 $143 Rc8 12. b3 (12. Bg5 f6 $1 {[%csl Gc4]}) 12... Nc5 {
[%csl Gb3]} 13. Rb1 Bb7 14. Qe3 (14. f3 Be7 15. Qxg7 $140 Bf6 $19) 14... Be7
$13) 11... Qc7 12. Rc1 {[%cal Gc1c7] Now black needs a few moves more to
create threats against c4-pawn} Rc8 (12... Bxc4 $2 13. Nb5 $18) ({After} 12...
Ne5 {white has two options :} {a)} 13. f4 $1 ({and solid} 13. b3) 13... Ng6 (
13... h6 $140 $2 14. fxe5 hxg5 15. c5 $1 {[%cal Gf1a6]} Bxf1 16. cxd6 $18) 14.
f5 Ne5 15. Be2 $40) 13. Be2 h6 (13... g6 14. O-O Bg7 15. Rfd1 $16 {[%csl Gd6]}
O-O $140 16. Be7) (13... Qb7 14. O-O (14. b3 $2 Nc5 {[%csl Gb3,Ge4]}) 14...
Bxc4 (14... h6 15. Bf4 $1 {[%csl Gd6]}) 15. Bxc4 Rxc4 16. Nb5 $36 {[%csl Ge8]
and this position with white bishop on g5 is extremely dangerous for black,for
example} Rc6 17. Rfd1 $16 {[%csl Gd6]} (17. b4 $5 {[%csl Gc5]})) 14. Be3 Qb7 (
14... Qb8 15. b3 g6 16. Bd4 $1 $16) 15. b3 $1 $16 {White clearly won opening
battle,black has serious difficulties with developing of his kingside.} (15.
O-O $143 Bxc4 16. Bxc4 Rxc4 17. Nb5 Qxe4 $13 18. Nxd6+ $140 Bxd6 19. Qxd6 Qd5
$1) 15... Nf6 (15... Nc5 $140 16. b4 Nxe4 17. Nxe4 Qxe4 18. b5 $18 Bb7 19. Bf3)
16. Bf3 $5 {[%cal Ge4e5] A concrete play} (16. f3 Nh5 (16... d5 17. exd5 exd5
18. cxd5 Bxe2 19. Kxe2 $1 Qa6+ 20. Kf2 Qxa3 21. Rhe1 $18 {[%csl Re8]}) (16...
Qb8 17. O-O Nh5 18. Qh4 Nf6 {[%cal Gf8e7]} 19. Rfd1 Be7 20. Qg3 $1 {and no
castle once again}) 17. Qh4 Nf6 18. O-O d5 {[%csl Ga3] with some complications,
which i wanted to avoid.} {But after} 19. e5 $1 Nd7 20. cxd5 Bxe2 21. Nxe2 exd5
22. Qg3 $16 {white is clearly better}) 16... Qb8 (16... Nd7 17. O-O) (16... e5
17. O-O $16 {[%csl Gd6,Ge8]}) 17. O-O Bb7 {[%csl Ge4][%cal Gb8a8]} 18. Rfd1 Qa8
(18... Nd7 $142 $16) 19. Nb5 {[%csl Gd6] All white piecies are well-placed ,so
white starts a decisive action.} Bxe4 (19... Nxe4 20. Bxe4 Bxe4 21. Bf4 $1 {
and black is hopeless} (21. Nxd6+ $5 Bxd6 22. Rxd6 Bg6 23. Rxe6+ $1 fxe6 24.
Qxg6+ Kf8 25. Bd4 Qb7 26. Rc3 $1 {[%cal Gc3f3] with winning position})) 20. Be2
$1 (20. Nxd6+ $6 Bxd6 21. Rxd6 Bxf3 22. gxf3 Nh5 $1 (22... Rd8 23. c5 $16) 23.
Qh3 Nf6 {[%cal Ge8g8] wasn't clear at all} 24. Bd4 $140 Ke7 $1 25. Be5 Rhd8)
20... Rc6 {It's difficult to suggest anything else} 21. f3 $1 (21. Nxd6+ Bxd6
22. Rxd6 Rxd6 23. Qxd6 {[%csl Ge8]} Qd8 24. Qg3 (24. Qb4 Qe7) 24... Bg6 25. c5
O-O 26. c6 {[%csl Rc6] also looks very good}) 21... Nh5 (21... Bg6 22. c5 $1 {
[%csl Ge8]} bxc5 (22... dxc5 23. Nc7+ Rxc7 24. Qxc7 Be7 25. Bb5+ Kf8 26. Bc6
$18 {[%csl Ga8]}) 23. Nxa7 $3 {[%cal Ge2b5]} Qxa7 24. Bb5 Qd7 $8 (24... Qb6 25.
Rxc5 $3 dxc5 $140 26. Bxc6+ Qxc6 27. Qb8+ Ke7 28. Qd8#) 25. Qf4 $1 {[%cal
Gf4a4]} Nd5 26. Rxd5 exd5 27. Qa4 $18 {[%csl Ge8]}) 22. Qg4 (22. Qh4 Bg6 23. c5
Be7 24. Qa4 O-O 25. cxd6 $1 $18 {[%cal Gb5c7]} (25. Nxa7 Rxc5 26. Bxc5 bxc5 $44
)) 22... Nf6 23. Qh4 Bg6 24. c5 $1 {The same idea ,like after 21...Bg6} bxc5 (
24... dxc5 25. Qa4 $18) 25. Qa4 $1 {[%cal Ga4e8] Decides immediately,black
allready going to lose material.} Nd7 (25... Ke7 26. Rxd6 $1 Rxd6 27. Nxd6 Kxd6
28. Bxc5+ $18) 26. Nxa7 Rc7 (26... Rb6 27. Rxc5) 27. Nb5 {Of course} Qxa4 28.
Nxc7+ Kd8 29. Nxe6+ $1 {Important intermediate move} fxe6 30. bxa4 $18 Kc7 (
30... d5 31. Bb5 d4 32. Bxd4 $1 cxd4 33. Rxd4 Be8 34. Kf1 $1 $18 {[%cal Gc1d1]}
) (30... Be7 31. Bb5 $18) 31. Bb5 Nb6 (31... Nf6 32. Bf4 e5 33. Bg3 {[%cal
Gf3f4]} Bf5 {was more stubborn}) 32. Bf4 $1 e5 33. Bg3 {[%cal Gf3f4]} Bf5 $8 (
33... Be7 34. f4 e4 35. f5 $1 $18 {[%cal Gc1c5]}) 34. a5 Nd7 35. f4 $1 e4 36.
Bxd7 Bxd7 (36... Kxd7 37. Rxc5 $18) 37. f5 $1 {Finally white opens his bishop
and black position collapse immediately.} Kc6 38. Rb1 $1 {[%cal Gb1b6]} e3 39.
Rb6+ Kc7 40. Rd5 c4 41. Rc5+ Kd8 42. a6 $1 {[%csl Gf8,Gh8]} (42. a6 dxc5 43. a7
) 1-0